Top 15 Largest Lakes in the World - Statistics

General Stats
  • This quiz has been taken 17 times
  • The average score is 11 of 15
Answer Stats
Area Location Answer % Correct
82,100 United States, Canada Lake Superior
100%
371,000 Russia, Kazahstan,Turkmenistan,Iran,
Azerbaijan
Caspian "Sea"
94%
31,500 Russia Lake Baikal
94%
59,600 United States, Canada Lake Huron
94%
68,800 Tanzania, Uganda, Kenya Lake Victoria
94%
25,700 United States, Canada Lake Erie
88%
58,000 United States Lake Michigan
88%
19,000 United States, Canada Lake Ontario
88%
31,100 Canada Great Bear Lake
76%
27,000 Canada Great Slave Lake
71%
29,600 Malawi, Mozambique,Tanzania Lake Malawi
65%
24,500 Canada Lake Winnipeg
65%
32,900 Tanzania, D.R Congo, Burundi, Zambia Lake Tanganyika
59%
17,700 Russia Lake Ladoga
41%
16,400 Kazakhstan Lake Balkash
6%
No matching quizzes found
Score Distribution
Percent of People with Each Score
Percentile by Number Answered
Your Score History
You have not taken this quiz